Orlando Magic NBA Finals Starters - Statistics

General Stats
  • This quiz has been taken 317 times
  • The average score is 6 of 10
Answer Stats
Finals Players % Correct
1995 Shaquille O'Neal
98%
2009 Dwight Howard
97%
1995 Penny Hardaway
95%
1995 Horace Grant
67%
2009 Hedo Türkoğlu
65%
1995 Nick Anderson
63%
2009 Rashard Lewis
57%
1995 Dennis Scott
50%
2009 Courtney Lee
23%
2009 Rafer Alston
19%
No matching quizzes found
Score Distribution
Percent of People with Each Score
Percentile by Number Answered
Your Score History
You have not taken this quiz